000 01494nam a2200337 c 4500
003 BLK
005 20180420213531.0
008 180412b bul|||||r ||||||| ||bul||
010 _aKNG00003409000
020 _a954-02-0166
_bиздат.: Наука и изкуство - (грешен)
020 _a954-02-0166-7
_bиздат.: Наука и изкуство - (поправен)
040 _aBLK
041 _aBUL
_cBUL
_hFRE
080 _aЛексикология. Езикови речници и разговорници. Лексикография
_b81`374
_x=163.2=133.1
_z81`374=163.2=133.1
100 1 _aРадев, Асен Костов
_eпърви автор
_9245800
139 _aБългарско-френски речник
_bБ 92
245 1 0 _aБългарско-френски речник
_cАсен Костов Радев.
250 _a4. изд.
257 _aBGR
260 София
_bНаука и изкуство
_c1994
_fВ. Търново : Абагар
300 _a1008 с.
_c24 см
380 _a80
500 _a1. изд. 1964 с авт. Л. Стефанова, А. Радев, Г. Дорчев, Н. Колев. - 7 070 тир.
650 4 _aБългарски език - речници, българско-френски
_9245801
653 _aбългаро-френски речници
852 _aЦб 177489
856 4 _qpdf
_u
856 4 _qpdf
_u
942 _cKNG
_n0
944 _aCR
_c15.01.2003
_kТеодора_Стоянова
944 _aED
_c07.01.2014
_k
999 _c2420
_d2420